00362nam a22000977a 450000500170000010000740001724500990009126000280019030000090021870000370022720260629104636.0 aEngr. Asadullah Qazi a21-MCE-05aSupervisor - Dr. Muneeb Ayoub Memon aRecycled Crumb Rubber as Coarse Aggregate Replacement in Self Compacting Concrete ( Thesis ME) aNawabshah bQUESTc2025 a78p. aDepartment of Civil Engineering